|
|
|
|
| LEADER |
00000naa2a2200000 4500 |
| 001 |
389862 |
| 005 |
20231101063920.0 |
| 035 |
|
|
|a (RuTPU)RU\TPU\prd\22436
|
| 090 |
|
|
|a 389862
|
| 100 |
|
|
|a 20040209a2003 k y0rusy50 ca
|
| 101 |
0 |
|
|a rus
|
| 102 |
|
|
|a RU
|
| 200 |
1 |
|
|a Четырёхканальный таймер-часы-терморегулятор на базе энергонезависимых часов NS182.2 и расширителя сильноточных нагрузок NМ4413
|f В. Чулков
|
| 225 |
1 |
|
|a Мастер КИД
|
| 320 |
|
|
|a Библиогр.: 1 назв.
|
| 461 |
|
1 |
|0 (RuTPU)RU\TPU\prd\2494
|t Схемотехника
|o научно-технический журнал
|d 2002-2007
|
| 463 |
|
1 |
|0 (RuTPU)RU\TPU\prd\19085
|t № 8
|v С. 48-50, 54
|d 2003
|
| 610 |
1 |
|
|a таймер-часы-терморегулятор
|
| 610 |
1 |
|
|a энергонезависимые часы
|
| 610 |
1 |
|
|a расширители нагрузок
|
| 610 |
1 |
|
|a сильноточные нагрузки
|
| 610 |
1 |
|
|a управление прибором
|
| 610 |
1 |
|
|a цифровые датчики
|
| 610 |
1 |
|
|a команды
|
| 700 |
|
1 |
|a Чулков
|b В.
|
| 801 |
|
1 |
|a RU
|b 63413507
|c 20040209
|g PSBO
|
| 801 |
|
2 |
|a RU
|b 63413507
|c 20131218
|g PSBO
|
| 942 |
|
|
|c BK
|